Curso de redacción técnica: La naturaleza del significado en la comunidad escrita

Uloženo v:
Podrobná bibliografie
Hlavní autor: Gorbitz, Adalberto
Médium: Text
Vydáno: Turrialba :
Tagy: Přidat tag
Žádné tagy, Buďte první, kdo vytvoří štítek k tomuto záznamu!

MARC

LEADER 00000 a a2200000 04500
001 17037
003
040
090 |a 008200  
100 |a Gorbitz, Adalberto  
245 |a Curso de redacción técnica: La naturaleza del significado en la comunidad escrita  
260 |a Turrialba :  
300 |a 6 p.  
999 |c 10761  |d 10761